|
|
|
|
| LEADER |
01556nam a2200361 i 4500 |
| 001 |
40131 |
| 003 |
BD-DhAAL |
| 008 |
221128t2012 bg a 000 0 ben d |
| 999 |
|
|
|c 45099
|d 45099
|
| 010 |
|
|
|a 2013318338
|
| 020 |
|
|
|a 9789848942802 (v. 1)
|
| 025 |
|
|
|a B-B-2013-318338; 22-90
|
| 037 |
|
|
|b Library of Congress -- New Delhi Overseas Office
|
| 040 |
|
|
|a DLC
|b eng
|c DLC
|e rda
|d DLC
|d BD-DhAAL
|
| 042 |
|
|
|a lcode
|a pcc
|
| 043 |
|
|
|a a-bg---
|
| 050 |
0 |
0 |
|a CT1519.6
|b .Y33 2012
|
| 082 |
|
|
|a 920.05492
|2 23
|
| 245 |
0 |
0 |
|a যাদের সাফল্যে আলোকিত বাংলাদেশ /
|c শুভ কিবরিয়া সম্পাদিত
|
| 246 |
3 |
1 |
|a Jader safolle alokito Bangladesh
|
| 246 |
3 |
1 |
|a Men who glorified Bangladesh
|
| 264 |
|
1 |
|a ঢাকা :
|b সময় প্রকাশন,
|c ২০১২.
|
| 300 |
|
|
|a ২৬৩ পৃষ্ঠা ;
|b চিত্র ;
|c ২২ সে.মি.
|
| 362 |
|
|
|a Vol. 1
|
| 520 |
|
|
|a Collection of interviews given by some well-known personalities from Bangladesh.
|
| 541 |
|
|
|a Donated By Akbar Ali Khan
|e 40131
|
| 546 |
|
|
|a In Bengali.
|
| 650 |
|
0 |
|a Celebrities
|z Bangladesh.
|9 52617
|
| 650 |
|
0 |
|a Celebrities
|z Bangladesh
|v Interviews.
|9 52618
|
| 700 |
1 |
|
|a কিবরিয়া, শুভ
|9 52619
|
| 852 |
|
|
|a Ayesha Abed Library
|c Akbar Ali Khan Collection
|
| 942 |
|
|
|2 ddc
|c BK
|
| 952 |
|
|
|0 0
|1 0
|2 ddc
|4 0
|6 920_054920000000000_JAD
|7 1
|9 72413
|a BRACUL
|b BRACUL
|c AAKC
|d 2022-11-28
|e Donated by Akbar Ali Khan
|g 400.00
|l 0
|o 920.05492 JAD
|p 3010040131
|r 2022-11-28
|t 1
|w 2022-11-28
|y BK
|